Catálogo
 En Linea

Los Cenci : (Registro nro. 43317)

Detalles MARC
000 -CABECERA
campo de control de longitud fija 00835nam a2200229 a 4500
001 - NÚMERO DE CONTROL
campo de control 000043828
005 - FECHA Y HORA DE LA ÚLTIMA TRANSACCIÓN
campo de control 20201002045007.0
008 - DATOS DE LONGITUD FIJA--INFORMACIÓN GENERAL
campo de control de longitud fija 140506s1991 sp 000 0 spa d
020 ## - NÚMERO INTERNACIONAL ESTÁNDAR DEL LIBRO
Número Internacional Estándar del Libro 847969193X
040 ## - FUENTE DE LA CATALOGACIÓN
Centro catalogador/agencia de origen DO-SdBNP
Lengua de catalogación spa
Centro/agencia transcriptor BNPHU
041 17 - CÓDIGO DE LENGUA
Código de lengua del texto/banda sonora o título independiente spa
Código de lengua original eng
082 ## - NÚMERO DE LA CLASIFICACIÓN DECIMAL DEWEY
Número de clasificación xxxx
Número de documento/Ítem xxxx
100 1# - ENTRADA PRINCIPAL--NOMBRE DE PERSONA
Nombre de persona Stendhal
9 (RLIN) 71497
240 10 - TÍTULO UNIFORME
Título uniforme Les Cenci
Lenguaje de la obra Español
245 13 - MENCIÓN DE TÍTULO
Título Los Cenci :
Resto del título La duquesa de Palliano /
Mención de responsabilidad, etc. Stendhal ; traducción y notas, Consuelo Bergés ; editor Germén Sánchez Ruiperez.
260 ## - PUBLICACIÓN, DISTRIBUCIÓN, ETC.
Lugar de publicación, distribución, etc. [Madrid] :
Nombre del editor, distribuidor, etc. Compañía Europea de Comunicación e Información,
Fecha de publicación, distribución, etc. 1991.
300 ## - DESCRIPCIÓN FÍSICA
Extensión 94 p. ;
Dimensiones 19 cm.
490 1# - MENCIÓN DE SERIE
Mención de serie Biblioteca de El sol
Designación de volumen o secuencia 163
500 ## - NOTA GENERAL
Nota general Incluye referencias bibliográficas y notas al pie de las páginas
700 12 - PUNTO DE ACCESO ADICIONAL--NOMBRE DE PERSONA
Nombre de persona Berges, Consuelo,
Fechas asociadas al nombre 1905-1988
Término indicativo de función/relación tr.
9 (RLIN) 71683
830 #0 - PUNTO DE ACCESO ADICIONAL DE SERIE-TÍTULO UNIFORME
Título uniforme Biblioteca de El sol ;
Número de parte o sección de la obra 163
9 (RLIN) 71684
Existencias
Estado de retiro Estado de pérdida Restricciones de uso No para préstamo Código de colección Localización permanente Ubicación/localización actual Ubicación en estantería Fecha de adquisición Número de inventario Total de préstamos Signatura topográfica completa Código de barras Fecha visto por última vez Precio válido a partir de Tipo de ítem Koha
      Excluido de préstamo Monografías: Libros y Folletos General General En catalogación 06.05.2014 LF1   xxxx xxxx 43828-10 25.06.2020 25.06.2020 No se presta

Con tecnología Koha